000 00747nam a2200289Ia 4500
005 20260324140139.0
008 008 260324s9999 xx 000 0 eng d
020 _a9780429430732
037 _aEBOOK
040 _aCRL
040 _beng
040 _cCRL
041 _2eng
041 _aeng
084 _qCRL
100 _aEmin Tengström
_91203308
245 0 _aTowards Environmental Sustainability?
245 2 _bA Comparative Study of Danish, Dutch and Swedish Transport Policies in a European Context
260 _bTaylor and Francis
260 _c1999
365 _a
365 _b170
856 _uhttp://www.taylorfrancis.com/books/9780429430732
942 _cEBOOK
999 _c1805057
_d1805057